Aplikácia štatistických metód na predikciu a vyhodnotenie úspešného ukončenia bakalárskeho stupňa štúdia

Salvato in:
Dettagli Bibliografici
Autore principale: Beran, Branislav (Autore)
Altri autori: Ballová, Dominika (Relatore della tesi)
Natura: Manoscritto Libro
Lingua:slovacco
Pubblicazione: 2019
Soggetti:
Accesso online:http://is.stuba.sk/zp/portal_zp.pl?podrobnosti=137329
https://opac.crzp.sk/?fn=detailBiblioForm&sid=F8FE310152E9D1F1E01C4241F7FB
Tags: Aggiungi Tag
Nessun Tag, puoi essere il primo ad aggiungerne!!

MARC

LEADER 00000ntm a22000003a 4500
001 stuzp75353
003 SK-STU
005 20230526105044.4
007 ta
008 150427s2015----xo-----f-mn---000-0-slo-d
040 |a STU  |b slo 
041 0 |a slo 
100 1 |a Beran, Branislav  |u 010220  |4 aut  |U SvF Stavebná fakulta  |T SvF Katedra matematiky a deskriptívnej geometrie  |X 87813  |U V220  |Y 23  |7 87813 
242 0 1 |a Application of statistical methods in prediction of successful completion of bachelor's degree of study  |y eng 
245 1 0 |a Aplikácia štatistických metód na predikciu a vyhodnotenie úspešného ukončenia bakalárskeho stupňa štúdia 
260 |c 2019 
650 4 |a Logistická regresia  |2 slo 
650 4 |a Diskriminačná analýza  |2 slo 
650 4 |a Klasifikácia  |2 slo 
650 4 |a Regression analysis  |2 eng 
650 4 |a Discriminant analysis  |2 eng 
650 4 |a Classification  |2 eng 
700 1 |a Ballová, Dominika  |u 010220  |k Z3  |4 ths  |U SvF Stavebná fakulta  |T SvF Katedra matematiky a deskriptívnej geometrie  |X 93588  |U V220  |Y 23  |7 93588 
856 4 |u http://is.stuba.sk/zp/portal_zp.pl?podrobnosti=137329 
856 4 |u https://opac.crzp.sk/?fn=detailBiblioForm&sid=F8FE310152E9D1F1E01C4241F7FB